Statistics for Mythology A-Z

Click here to take the quiz!

General Stats

  • This quiz has been taken 29,960 times
  • The average score is 18 of 26

Answer Stats

HintAnswer% Correct
CCreature that was half man / half horseCentaur
94%
HType of weapon wielded by ThorHammer
92%
OMountain that was home to the Greek godsOlympus
91%
AGreek goddess of beautyAphrodite
90%
ZKing of the Greek godsZeus
90%
MHalf man / half bull creature that lived at the center of the labyrinthMinotaur
88%
NGreek goddess of victory; namesake of an apparel companyNike
83%
RThis animal's foot has been a good-luck symbol since at least 600 B.C.Rabbit
83%
LNorse trickster godLoki
82%
KSea beast of Norse folklore that resembles a giant squidKraken
79%
WDionysus was the Greek god of thisWine
79%
TCreature, such as Cronus or Prometheus, that preceded the Greek godsTitan
77%
SRiver that separates Hades and EarthStyx
76%
VMajestic hall in Asgard. When people die in battle, Odin chooses half of
them to live here.
Valhalla
75%
BWailing female spirt who heralded death in Irish mythologyBanshee
71%
DRoman goddess of the hunt equated with the Greek goddess ArtemisDiana
68%
IEgyptian mother goddess who was later worshipped by the RomansIsis
67%
PTrojan prince who killed Achilles with an arrow to the heelParis
64%
FHalf man / half goat creature also known as a satyrFaun
62%
URoman version of OdysseusUlysses
57%
GClay monster of Jewish folkloreGolem
54%
EA place in the afterlife for heroic and virtuous Greeks{Elysian} Fields
50%
JRoman god with two faces - one looking to the future and the other to the pastJanus
50%
QFeathered serpent of Aztec religionQuetzalcoatl
37%
YMassive tree that connects the nine worlds of Norse mythologyYggdrasil
32%
XA long time ago, according to Scientology, this galactic overlord brought billions
of people to Earth and killed them with atomic bombs
Xenu
19%

Score Distribution

Percentile by Number Answered

Percent of People with Each Score

Your Score History

You have not taken this quiz